Financial Statement Analysis and Security Valuation / (Record no. 36475)
[ view plain ]
| 000 -LEADER | |
|---|---|
| fixed length control field | 00541nam a22001817a 4500 |
| 005 - DATE AND TIME OF LATEST TRANSACTION | |
| control field | 20240827115243.0 |
| 008 - FIXED-LENGTH DATA ELEMENTS--GENERAL INFORMATION | |
| fixed length control field | 240827b |||||||| |||| 00| 0 eng d |
| 020 ## - INTERNATIONAL STANDARD BOOK NUMBER | |
| ISBN | 007-123263-X |
| 082 ## - DEWEY DECIMAL CLASSIFICATION NUMBER | |
| Classification number | 332.632042 |
| Item number | PEN-F |
| 100 ## - MAIN ENTRY--AUTHOR | |
| Author Name | Penman, Stephen.H |
| 245 ## - TITLE STATEMENT | |
| Title | Financial Statement Analysis and Security Valuation / |
| Statement of responsibility, etc. | Stephen H.Penman |
| 250 ## - EDITION STATEMENT | |
| Edition statement | 2nd ed. |
| 260 ## - PUBLICATION, DISTRIBUTION, ETC. | |
| Place of Publication | New York; |
| Name of publisher, distributor, etc. | Mc Graw-Hill; |
| Date of publication, distribution, etc. | 2003 |
| 300 ## - PHYSICAL DESCRIPTION | |
| Pages | xxiii, 740 p.: |
| 500 ## - GENERAL NOTE | |
| General note | Includes index. |
| 650 ## - SUBJECT ADDED ENTRY--TOPICAL TERM | |
| Subject / Department | Financial Statements/Economics |
| 300 ## - PHYSICAL DESCRIPTION | |
| -- | ill.; |
| -- | 25 cm. |
| 952 ## - LOCATION AND ITEM INFORMATION (KOHA) | |
| -- | 0 |
| -- | 0 |
| Lost status | Damaged status | Collection code | Permanent Location | Current Location | Shelving Location | Date acquired | Full Call Number | Accession No./Barcode | Date last seen | item type | Koha item type |
|---|---|---|---|---|---|---|---|---|---|---|---|
| Economics/Commerce | Superior Information Resource Center (SIRC) Superior University - City Campus | Superior Information Resource Center (SIRC) Superior University - City Campus | Economics | 08/27/2024 | 332.6320 PEN-F 2003 | 2377 | 08/27/2024 | BOOK | BOOK |
